000 00346nam a2200145Ia 4500
005 20251222153647.0
008 251222s9999||||xx |||||||||||||| ||spa||
020 _a842265492X
082 _a863.62/D49
100 _aDel Valle, Ramón-Inclán
245 0 _aTirano Banderas
250 _a1ra.ed.
264 _bCírculo de Lectores
942 _cLIB
999 _c32955
_d32955